000 00957nas a2200325 4500
001 BR2012009133
003 BR-BrBNA
005 20231205121542.0
007 ta
008 230509b bl.|||p| |||| 00| 00por d
040 _aBR-BrBNA
_bpor
_cBiblioteca Nacional de Agricultura
041 _a(Pt)
072 _aS30; Q04
100 1 _aFeijó, V.C.
100 1 _aGinani,J.S.
100 1 _aZandonadi, R.P.
245 1 _aMacarrão sem glúten enriquecido com minerais: análise química, microbiológica e sensorial
650 _aMACARRÃO
650 _aPROCESSAMENTO
650 _aFARINHA
650 _aARROZ
650 _aGLÚTEN
650 _aANÁLISE QUÍMICA
650 _aANÁLISE ORGANOLÉPTICA
650 _aSAÚDE
650 _aNUTRIÇÃO HUMANA
773 0 _tHigiene Alimentar (Brazil)
_xISSN 0101-9171
_g(Jul-Aug 2012), v. 26(210-211) p. 37-41
_wBR2012009133
909 _a202311
_bLúcia
_c55
_dLúcia Elande
942 _2AGRIS
_n0
_cANA
999 _c224095
_d224095